Makroekonomická analýza vývoja slovenskej ekonomiky v rokoch 1993 - 1998
HDP a jeho použitie. Vonkajšie ekonomické vzťahy. Teritoriálna štruktúra zahraničného obchodu. Komoditná štruktúra zahraničného obchodu. Obchodná bilancia a bežný účet platobnej bilancie. Inflácia. Nezamestnanosť. Záverečné hodnotenie.
Guardado en:
| Autor principal: | |
|---|---|
| Otros Autores: | |
| Formato: | Capítulo de libro |
| Lenguaje: | eslovaco |
| Materias: | |
| Etiquetas: |
Sin Etiquetas, Sea el primero en etiquetar este registro!
|
MARC
| LEADER | 00000naa a2200000 4500 | ||
|---|---|---|---|
| 001 | r035184 | ||
| 005 | 20230921103856.6 | ||
| 041 | 0 | |a slo | |
| 044 | |a SK | ||
| 245 | 1 | 0 | |a Makroekonomická analýza vývoja slovenskej ekonomiky v rokoch 1993 - 1998 |c Ján Haluška, Michal Olexa |
| 520 | |a HDP a jeho použitie. Vonkajšie ekonomické vzťahy. Teritoriálna štruktúra zahraničného obchodu. Komoditná štruktúra zahraničného obchodu. Obchodná bilancia a bežný účet platobnej bilancie. Inflácia. Nezamestnanosť. Záverečné hodnotenie. | ||
| 610 | 2 | 0 | |a produkt domáci hrubý |
| 610 | 2 | 0 | |a vzťahy hospodárske vonkajšie |
| 610 | 2 | 0 | |a obchod zahraničný |
| 610 | 2 | 0 | |a komodity |
| 610 | 2 | 0 | |a bilancia obchodná |
| 610 | 2 | 0 | |a bilancia platobná |
| 610 | 2 | 0 | |a inflácia |
| 610 | 2 | 0 | |a nezamestnanosť |
| 610 | 2 | 0 | |a vývoj hospodársky |
| 610 | 2 | 0 | |a analýza ekonomická |
| 610 | 2 | 0 | |a Slovensko |
| 610 | 2 | 0 | |a 1993-1998 |
| 100 | 1 | |a Haluška, Ján | |
| 700 | 1 | |a Olexa, Michal | |